000 00698nam a2200289Ia 4500
005 20260324123237.0
008 008 260324s9999 xx 000 0 eng d
020 _a9780203079485
037 _aEBOOK
040 _aCRL
040 _beng
040 _cCRL
041 _2eng
041 _aeng
084 _qCRL
100 _aRaymond F. Betts; Lyz Bly
_91169577
245 2 _aA History of Popular Culture
245 0 _bMore of Everything, Faster and Brighter
260 _bTaylor and Francis
260 _c2012
365 _a
365 _b230
856 _uhttp://www.taylorfrancis.com/books/9780203079485
942 _cEBOOK
999 _c1762923
_d1762923